书目信息 |
| 题名: |
克尔凯郭尔
|
|
| 作者: | 易柳婷 著 | |
| 分册: | ||
| 出版信息: | 西安 陕西师范大学出版总社 2017 |
|
| 页数: | 152页 | |
| 开本: | 24cm | |
| 丛书名: | “大家精要”丛书 | |
| 单 册: | ||
| 中图分类: | B534 | |
| 科图分类: | ||
| 主题词: | ||
| 电子资源: | ||
| ISBN: | 978-7-5613-8704-7 | |
| 000 | 00690oam2 2200241 450 | |
| 001 | 1981 | |
| 005 | 20180522154715.03 | |
| 010 | @a978-7-5613-8704-7@dCNY20.00 | |
| 100 | @a20170427d2017 em y0chiy50 ea | |
| 101 | 0 | @achi |
| 102 | @aCN@b610000 | |
| 105 | @ay z 000yb | |
| 200 | 1 | @a克尔凯郭尔@9ke er kai guo er@dKierkegaard@f易柳婷著@zeng |
| 210 | @a西安@c陕西师范大学出版总社@d2017 | |
| 215 | @a152页@d24cm | |
| 225 | 2 | @a“大家精要”丛书@h第一辑 |
| 461 | 0 | @12001 @a“大家精要”丛书 |
| 510 | 1 | @aKierkegaard@zeng |
| 600 | 1 | @a克尔凯郭尔@f1813-1855@x传记 |
| 690 | @aB534@v5 | |
| 701 | 0 | @a易柳婷@9yi liu ting@4著 |
| 801 | 0 | @aCN@b91MARC@c20170427 |
| 905 | @aMuseLib@dB534@e89 | |
| 克尔凯郭尔=Kierkegaard/易柳婷著.-西安:陕西师范大学出版总社,2017 |
| 152页;24cm.-(“大家精要”丛书.第一辑) |
| ISBN 978-7-5613-8704-7:CNY20.00 |
| ● |
| 相关链接 |
|
|
|
|
正题名:克尔凯郭尔
索取号:B534/89
 
预约/预借
| 序号 | 登录号 | 条形码 | 馆藏地/架位号 | 状态 | 备注 |
| 1 | 1107477 | 211074772 | 第一样本阅览室/ [索取号:B534/89] | 在馆 | |
| 2 | 1107478 | 211074781 | 教育系资料室/ [索取号:B534/89] | 在馆 | |
| 3 | 1107479 | 211074790 | 教育系资料室/ [索取号:B534/89] | 在馆 | |
| 4 | 1107480 | 211074807 | 第一借阅区/ [索取号:B534/89] | 在馆 |